000 00800nam a2200229 i 4500
001 32227
003 ES-MaACL
005 20250511130022.0
007 t|
008 030130s1963 sp ||||1| spa d
080 _a821.134.2 Rojas, Fernando de 7 Celestina. 07
100 1 _aBerndt, Erna Ruth.
_928308
245 1 0 _aAmor, muerte y fortuna en "La Celestina" /
_cErna Ruth Berndt.
260 _aMadrid :
_bGredos,
_c[1963]
300 _a206 p. ;
_c21 cm.
490 1 _aBiblioteca románica hispánica II. Estudios y ensayos ;
_v68
504 _aBibliografía: p. [179]-195.
600 1 4 _aRojas, Fernando de,
_dca. 1470-1541.
_tLa Celestina
_999043
830 1 _aBiblioteca románica hispánica II. Estudios y ensayos ;
_v68
_9178108
852 _aES-MaACL
_jC-23496
999 _c32227
_d32227